000 00491nam a2200205Ia 4500
003 OSt
005 20140402131139.0
008 140130s9999 xx 000 0 und d
020 _a0439697115
050 _aLT 4221.5
_b.F58 2004
100 _aFinton, Nancy
245 _cNancy Finton.
_aFluff and feathers /
260 _bScholastic,
_c2004.
_aUSA :
300 _a16 p. :
_bcol. ill. ;
_c21 cm.
440 _v1
521 _aG2
526 _c410
942 _cBK
_2lcc
999 _c40265
_d40265